Ensayo histórico sobre la noción de estado en Chile en los siglos XIX y XX

Guardat en:
Dades bibliogràfiques
Autor principal: Góngora del Campo, Mario (autor)
Format: Llibre
Idioma:espanyol
Publicat: Santiago, Chile Universitaria 1994
Edició:Quinta edición
Col·lecció:Colección imágenes de Chile
Matèries:
Etiquetes: Afegir etiqueta
Sense etiquetes, Sigues el primer a etiquetar aquest registre!

MARC

LEADER 00000nam a2200000 a 4500
001 UCY5099
003 CL-VaPUC
005 20240313123608.0
008 950412e19940000CL |||||||||||||||||spa|d
999 |c 232821  |d 232819 
040 |c Pontificia Universidad Católica de Valparaíso 
082 0 4 |a 320.983 GON 1994  |2 21 
100 |a Góngora del Campo, Mario  |e autor  |9 589641 
245 1 0 |a Ensayo histórico sobre la noción de estado en Chile en los siglos XIX y XX 
250 |a Quinta edición 
260 |a Santiago, Chile  |b Universitaria  |c 1994 
300 |a 398 páginas 
490 0 |a Colección imágenes de Chile 
583 |a last modification  |c 19950412 00:00:00  |k Rodrigo Vera 
650 7 |a ESTADO  |2 CL-VaPUC  |9 333712  |x HISTORIA DE CHILE  |y SIGLOS 19-20 
650 7 |a POLITICA Y GOBIERNO  |2 CL-VaPUC  |9 333713  |y 1810  |z CHILE 
852 |a BIBCUR 
942 |c BK  |2 ddc 
945 |d 19950412 00:00:00  |a oaravena 
952 |0 0  |1 0  |2 ddc  |4 0  |6 320_983000000000000_GON_1994  |7 0  |8 A  |9 237724  |a BIBCUR  |b BIBCUR  |d 2019-11-15  |i 3077187  |l 1  |m 1  |o 320.983 GON 1994  |p 3077187  |r 2025-04-22  |s 2022-10-12  |t 1  |w 2019-11-15  |y BK  |k PER 
952 |0 0  |1 0  |2 ddc  |4 0  |6 320_983000000000000_GON_1994  |7 0  |8 R  |9 237725  |a BIBHIS  |b BIBHIS  |d 2019-11-15  |i 3216861  |l 12  |o 320.983 GON 1994  |p 3216861  |r 2024-10-17  |s 2024-08-08  |t 2  |w 2019-11-15  |y BK_R  |k HIS